[Event "Titled Tuesday intern op 02nd Apr Late"]
[Site "Chess.com INT"]
[Date "2024.04.02"]
[Round "11"]
[White "Alvarado, Carlos"]
[Black "Hajiyev, Kanan"]
[Result "0-1"]
[WhiteElo "2108"]
[BlackElo "2099"]
[PlyCount "60"]
[EventDate "2024.04.02"]
[EventType "swiss (blitz)"]
[EventRounds "11"]
[EventCountry "USA"]
[SourceTitle "CB15_2024"]
[SourceDate "2024.04.10"]
[SourceVersion "1"]
[SourceVersionDate "2024.04.10"]
[SourceQuality "1"]

1. d4 d5 2. Nf3 c5 3. e3 cxd4 4. exd4 Nc6 5. c3 Nf6 6. h3 Bf5 7. g4 Be4 8. Bg2 e6 9. Nbd2 Bd3 10. Nf1 Ba6 11. Ne3 Bd6 12. Bf1 Bxf1 13. Kxf1 0-0 14. Kg2 Ne4 15. Nd2 f5 16. Nxe4 fxe4 17. Nf1 Qh4 18. Be3 Rf3 19. Qe2 Raf8 20. b4 e5 21. b5 exd4 22. cxd4 Nb4 23. a3 Nd3 24. Ra2 Bf4 25. Qxd3 exd3 26. Kxf3 Bxe3+ 27. Kxe3 Qe7+ 28. Kxd3 Qe4+ 29. Kc3 Qxh1 30. Ng3 Qxh3 0-1

[Event "Titled Tuesday intern op 06th Feb Late"]
[Site "Chess.com INT"]
[Date "2024.02.06"]
[Round "10"]
[White "Cardozo Munar, Carlos Eduardo"]
[Black "Alvarado, Carlos"]
[Result "1-0"]
[WhiteElo "2043"]
[BlackElo "2108"]
[PlyCount "35"]
[EventDate "2024.02.06"]
[EventType "swiss (blitz)"]
[EventRounds "11"]
[EventCountry "USA"]
[SourceTitle "CB07_2024"]
[SourceDate "2024.02.14"]
[SourceVersion "1"]
[SourceVersionDate "2024.02.14"]
[SourceQuality "1"]

1. d4 Nf6 2. Bg5 Ne4 3. h4 c5 4. d5 Qa5+ 5. c3 h6 6. Bf4 d6 7. Nd2 Nxd2 8. Qxd2 Na6 9. Nf3 Nc7 10. e4 Bg4 11. Be2 Bxf3 12. Bxf3 0-0-0 13. b4 Qa3 14. Rb1 c4 15. Qe2 b5 16. 0-0 g5 17. Bc1 Qxa2 18. Qxa2 1-0

[Event "Warsaw Szansa rapid op"]
[Site "Warsaw"]
[Date "2023.09.17"]
[Round "2"]
[White "Alvarado, Carlos"]
[Black "Kosakowski, Jakub"]
[Result "0-1"]
[WhiteElo "2108"]
[BlackElo "2494"]
[PlyCount "114"]
[EventDate "2023.09.17"]
[EventType "swiss (rapid)"]
[EventRounds "9"]
[EventCountry "POL"]
[SourceTitle "EXT 2024"]
[Source "ChessBase"]
[SourceDate "2023.10.10"]
[SourceVersion "1"]
[SourceVersionDate "2023.10.10"]
[SourceQuality "1"]

1. e4 c6 2. d4 d5 3. exd5 cxd5 4. Bd3 Nc6 5. c3 Qc7 6. h3 e6 7. Nf3 Bd6 8. Nbd2 Nge7 9. 0-0 f6 10. c4 0-0 11. a3 a5 12. Qc2 h6 13. Re1 Bd7 14. Nf1 Rae8 15. Bd2 Kh8 16. c5 Bf4 17. Bc3 e5 18. Bg6 Nxg6 19. Qxg6 e4 20. N3h2 f5 21. h4 Re7 22. Qh5 Be8 23. Qd1 Bxh2+ 24. Nxh2 Nd8 25. b4 a4 26. Qe2 Ne6 27. Rad1 Nf4 28. Qf1 Nd3 29. Re3 f4 30. Rexd3 Bb5 31. Ng4 Bxd3 32. Qe1 f3 33. Ne5 Rxe5 34. dxe5 Qd7 35. e6 Qxe6 36. Qe3 Qg4 37. Qxh6+ Kg8 38. Qg5 Qxg5 39. hxg5 fxg2 40. Kxg2 Rf5 41. Kg3 Rf3+ 42. Kg2 Bc2 43. Rxd5 Rxc3 44. Rd7 e3 45. f3 Bf5 46. Rxb7 e2 47. Kf2 Re3 48. Ke1 Bd3 49. c6 Rxf3 50. Re7 Kf8 51. Re5 Rf1+ 52. Kd2 Rd1+ 53. Kc3 e1Q+ 54. Rxe1 Rxe1 55. Kxd3 Ke7 56. b5 Kd6 57. Kc4 Rb1 0-1

[Event "Warsaw Szansa rapid op"]
[Site "Warsaw"]
[Date "2023.09.17"]
[Round "8"]
[White "Alvarado, Carlos"]
[Black "Malicka, Maria"]
[Result "1/2-1/2"]
[WhiteElo "2108"]
[BlackElo "2218"]
[PlyCount "101"]
[EventDate "2023.09.17"]
[EventType "swiss (rapid)"]
[EventRounds "9"]
[EventCountry "POL"]
[SourceTitle "EXT 2024"]
[Source "ChessBase"]
[SourceDate "2023.10.10"]
[SourceVersion "1"]
[SourceVersionDate "2023.10.10"]
[SourceQuality "1"]

1. e4 c5 2. b3 Nf6 3. e5 Nd5 4. Bb2 Nc6 5. Nf3 e6 6. Bb5 Be7 7. 0-0 0-0 8. Nc3 Nxc3 9. dxc3 Qc7 10. Re1 d6 11. Qe2 Nxe5 12. Nxe5 dxe5 13. Qxe5 Qxe5 14. Rxe5 Rd8 15. Re2 Bd7 16. Bd3 Bf6 17. Be4 Rab8 18. a4 Be8 19. g3 b6 20. Rae1 Rd6 21. Ba1 c4 22. bxc4 Bxa4 23. Bb2 Rbd8 24. Ra1 Rd1+ 25. Re1 Rxe1+ 26. Rxe1 Rd2 27. Rc1 g6 28. Kf1 Be7 29. Ke1 Rd8 30. Ra1 Be8 31. Rxa7 Bc5 32. Ba3 Bxa3 33. Rxa3 Kf8 34. Rb3 Rd6 35. Ra3 f5 36. Bf3 Ke7 37. Ra8 e5 38. Bd5 Bc6 39. Ra7+ Rd7 40. Ra6 Bxd5 41. cxd5 Kd6 42. Rxb6+ Kc5 43. Rb8 Kxd5 44. Rc8 e4 45. Ke2 Ke5 46. h4 Ra7 47. Rh8 Rc7 48. Kd2 Rd7+ 49. Ke2 Rc7 50. Kd2 Rd7+ 51. Ke2 1/2-1/2

[Event "Titled Tuesday intern op 29th Aug Late"]
[Site "Chess.com INT"]
[Date "2023.08.29"]
[Round "11"]
[White "Casalaspro, Mathias Andre"]
[Black "Alvarado, Carlos"]
[Result "0-1"]
[WhiteElo "1998"]
[BlackElo "2108"]
[PlyCount "66"]
[EventDate "2023.08.29"]
[EventType "swiss (blitz)"]
[EventRounds "11"]
[EventCountry "USA"]
[SourceTitle "EXT 2024"]
[Source "ChessBase"]
[SourceDate "2023.10.10"]
[SourceVersion "1"]
[SourceVersionDate "2023.10.10"]
[SourceQuality "1"]

1. e4 c6 2. d4 d5 3. Nc3 dxe4 4. Nxe4 Nf6 5. Nxf6+ exf6 6. Be3 Bd6 7. Bd3 0-0 8. Ne2 Re8 9. c4 Na6 10. a3 Nc7 11. Qc2 h6 12. 0-0-0 b6 13. h4 Bg4 14. Bf5 Bxe2 15. Qxe2 Bf4 16. Qf3 Bxe3+ 17. fxe3 Qd6 18. h5 Ne6 19. Bxe6 Qxe6 20. Rh3 Rad8 21. Qe2 f5 22. Qd3 b5 23. c5 Rd5 24. Kb1 Red8 25. Qc2 f4 26. Re1 Rxd4 27. exd4 Qxe1+ 28. Ka2 Rxd4 29. Rf3 a5 30. Rf2 Qe6+ 31. b3 a4 32. Rf3 Qd5 33. Kb2 Rd2 0-1

[Event "Titled Tuesday intern op 29th Aug Late"]
[Site "Chess.com INT"]
[Date "2023.08.29"]
[Round "5"]
[White "Tqebuchava, Zurab"]
[Black "Alvarado, Carlos"]
[Result "0-1"]
[WhiteElo "2303"]
[BlackElo "2108"]
[PlyCount "136"]
[EventDate "2023.08.29"]
[EventType "swiss (blitz)"]
[EventRounds "11"]
[EventCountry "USA"]
[SourceTitle "EXT 2024"]
[Source "ChessBase"]
[SourceDate "2023.10.10"]
[SourceVersion "1"]
[SourceVersionDate "2023.10.10"]
[SourceQuality "1"]

1. e4 c6 2. d4 d5 3. exd5 cxd5 4. h3 Nf6 5. Bd3 Nc6 6. c3 g6 7. Nf3 Bg7 8. 0-0 0-0 9. Re1 Bf5 10. Bxf5 gxf5 11. Bf4 e6 12. Ne5 Rc8 13. Nxc6 Rxc6 14. Be5 Ne4 15. Bxg7 Kxg7 16. Nd2 Kh8 17. Nxe4 fxe4 18. Qh5 f5 19. f3 Qf6 20. fxe4 dxe4 21. Rf1 Qg6 22. Qxg6 hxg6 23. Rf4 Kg7 24. h4 Kh6 25. Kf2 b5 26. a3 a5 27. Rc1 Rd8 28. Ke3 b4 29. axb4 axb4 30. c4 e5 31. dxe5 Rd3+ 32. Ke2 Rc5 33. e6 Rd6 34. Rff1 Rxe6 35. Rfd1 Kh5 36. b3 Ra5 37. Rd2 Kxh4 38. c5 Rc6 39. Rdc2 Kg3 40. Ke3 Ra3 41. Kd4 Rxb3 42. Kd5 Rc8 43. c6 Rd3+ 44. Ke6 b3 45. Rb2 f4 46. c7 e3 47. Kf6 Rd6+ 48. Ke7 Rd2 49. Rxb3 g5 50. Rb8 Rxc7+ 51. Rxc7 Rxg2 52. Rb3 Rd2 53. Kf6 g4 54. Kf5 Rd5+ 55. Ke4 Rd8 56. Rg7 Re8+ 57. Kf5 Kf2 58. Kxg4 f3 59. Rf7 Rg8+ 60. Kh3 Rh8+ 61. Kg4 Rg8+ 62. Kf4 Rh8 63. Ke4 Rh3 64. Kd3 e2 65. Rb2 Rg3 66. Rxf3+ Rxf3+ 67. Kd2 Rg3 68. Kc1 Kf1 0-1

[Event "Titled Tuesday intern op 22nd Aug Late"]
[Site "Chess.com INT"]
[Date "2023.08.22"]
[Round "5"]
[White "Ai, Evan Zihao"]
[Black "Alvarado, Carlos"]
[Result "0-1"]
[WhiteElo "2199"]
[BlackElo "2108"]
[PlyCount "94"]
[EventDate "2023.08.22"]
[EventType "swiss (blitz)"]
[EventRounds "11"]
[EventCountry "USA"]
[SourceTitle "EXT 2024"]
[Source "ChessBase"]
[SourceDate "2023.10.10"]
[SourceVersion "1"]
[SourceVersionDate "2023.10.10"]
[SourceQuality "1"]

1. e4 c6 2. d4 d5 3. exd5 cxd5 4. Bf4 Nc6 5. Nf3 Nf6 6. Bb5 Qb6 7. Bxc6+ bxc6 8. b3 Ne4 9. 0-0 Bg4 10. c3 e6 11. h3 Bh5 12. Qd3 Be7 13. Nbd2 Bg6 14. Qe3 0-0 15. Ne5 Nxd2 16. Qxd2 Rfd8 17. Nxg6 hxg6 18. Qc2 c5 19. Be3 Rac8 20. Rfd1 a5 21. Rab1 Qa6 22. dxc5 Bxc5 23. Qd2 Qa7 24. b4 Bxe3 25. Qxe3 Qxe3 26. fxe3 Rxc3 27. b5 Rxe3 28. b6 Rb8 29. Rb5 Rc3 30. Rdb1 a4 31. Ra5 Kh7 32. b7 Rc7 33. Ra7 d4 34. Kf2 e5 35. Kf3 f5 36. g4 Kh6 37. Ke2 e4 38. gxf5 gxf5 39. Rb6+ Kh5 40. Rb5 g6 41. Kd2 Kh4 42. Rb4 d3 43. Ke3 Kg3 44. Rb6 g5 45. Rb5 Rf7 46. Rb4 a3 47. Rb1 Kxh3 0-1

[Event "Titled Tuesday intern op 22nd Aug Late"]
[Site "Chess.com INT"]
[Date "2023.08.22"]
[Round "7"]
[White "Alvarado, Carlos"]
[Black "Souleidis, Georgios"]
[Result "1-0"]
[WhiteElo "2108"]
[BlackElo "2419"]
[PlyCount "135"]
[EventDate "2023.08.22"]
[EventType "swiss (blitz)"]
[EventRounds "11"]
[EventCountry "USA"]
[SourceTitle "EXT 2024"]
[Source "ChessBase"]
[SourceDate "2023.10.10"]
[SourceVersion "1"]
[SourceVersionDate "2023.10.10"]
[SourceQuality "1"]

1. d4 Nf6 2. Nf3 g6 3. Bg5 Bg7 4. Nbd2 d5 5. c3 0-0 6. e3 Nbd7 7. Be2 Re8 8. b4 e5 9. 0-0 a6 10. Nb3 c6 11. a4 h6 12. Bh4 g5 13. Bg3 Ne4 14. Qc1 Nxg3 15. hxg3 e4 16. Nfd2 Nf6 17. c4 Bg4 18. Qd1 Bxe2 19. Qxe2 Qd6 20. c5 Qd7 21. Nb1 Qg4 22. Qxg4 Nxg4 23. Nc3 f5 24. Ra2 Rf8 25. Ne2 Ra7 26. Rfa1 Rfa8 27. Nd2 Kf7 28. Nb1 Ke6 29. Nbc3 Bf6 30. Rb1 Bd8 31. Rab2 Kd7 32. Nd1 Bc7 33. f3 Nf6 34. Kf2 Re8 35. Ndc3 h5 36. b5 axb5 37. axb5 Raa8 38. b6 Bd8 39. Ra2 Rxa2 40. Nxa2 Be7 41. Nec3 Ra8 42. Rb4 Ra3 43. Ra4 Rb3 44. Rb4 Ra3 45. Ke2 exf3+ 46. gxf3 g4 47. Rb2 Bf8 48. f4 Be7 49. Kd1 Ra8 50. Rh2 Rh8 51. Nb4 Ne8 52. Ra2 h4 53. gxh4 Ng7 54. Ra7 Rb8 55. Ncxd5 cxd5 56. c6+ Ke6 57. Rxb7 Rc8 58. Rxe7+ Kxe7 59. Nxd5+ Kd6 60. b7 Rh8 61. c7 Kxd5 62. c8Q Rxh4 63. b8Q Ke4 64. Kc2 Kf3 65. Qbb7+ Kg3 66. Qxg7 Rh2+ 67. Kd3 Rh1 68. Qxf5 1-0

[Event "Warsaw Szansa op"]
[Site "Warsaw"]
[Date "2022.09.17"]
[Round "3"]
[White "Gumularz, Szymon"]
[Black "Alvarado, Carlos"]
[Result "1-0"]
[WhiteElo "2532"]
[BlackElo "2108"]
[PlyCount "65"]
[EventDate "2022.09.17"]
[EventType "swiss (rapid)"]
[EventRounds "11"]
[EventCountry "POL"]
[SourceTitle "EXT 2023"]
[Source "ChessBase"]
[SourceDate "2022.10.05"]
[SourceVersion "1"]
[SourceVersionDate "2022.10.05"]
[SourceQuality "1"]

1. e4 c6 2. d4 d5 3. exd5 cxd5 4. Bd3 Nc6 5. c3 Nf6 6. h3 g6 7. Qc2 Bg7 8. Nf3 0-0 9. 0-0 Qc7 10. Re1 Nh5 11. Be3 Nf4 12. Bf1 Bf5 13. Qd2 Nh5 14. Qd1 Rad8 15. Nbd2 Nf6 16. Rc1 Ne4 17. Nb3 Nd6 18. Bf4 Qc8 19. Nc5 h5 20. Nh4 Bf6 21. Nxf5 Nxf5 22. Bd3 Ng7 23. Qf3 e5 24. dxe5 Nxe5 25. Bxe5 Bxe5 26. Rxe5 Qxc5 27. Rd1 Qb6 28. Rxd5 Qxb2 29. Bxg6 Rc8 30. Bxf7+ Kh8 31. Rxh5+ Nxh5 32. Qxh5+ Kg7 33. Qg6+ 1-0

[Event "Warsaw op-A"]
[Site "Warsaw"]
[Date "2021.07.24"]
[Round "7"]
[White "Alvarado, Carlos"]
[Black "Jakubowski, Krzysztof"]
[Result "0-1"]
[WhiteElo "2152"]
[BlackElo "2497"]
[PlyCount "68"]
[EventDate "2021.07.19"]
[EventType "swiss"]
[EventRounds "9"]
[EventCountry "POL"]
[SourceTitle "CBM 203 Extra"]
[Source "ChessBase"]
[SourceDate "2021.09.30"]
[SourceVersion "1"]
[SourceVersionDate "2021.09.30"]
[SourceQuality "1"]

1. d4 g6 2. Nf3 Bg7 3. c3 Nf6 4. Bg5 d6 5. Nbd2 Nbd7 6. e4 e5 7. dxe5 dxe5 8. Be2 0-0 9. 0-0 h6 10. Bh4 Qe7 11. Re1 a5 12. a4 b6 13. Bxf6 Bxf6 14. Nc4 Rd8 15. Qc2 Bb7 16. Nfd2 Nc5 17. Bf1 h5 18. Nb3 Ne6 19. Ne3 h4 20. h3 Bg7 21. Nd2 Qg5 22. Nf3 Qf4 23. Nd5 Bxd5 24. exd5 Nc5 25. Bb5 e4 26. Nd4 Be5 27. Ne2 Qh2+ 28. Kf1 Qh1+ 29. Ng1 Bh2 30. Ke2 Qxg2 31. Rad1 Rd6 32. Qd2 Nd3 33. Bxd3 exd3+ 34. Qxd3 Re8+ 0-1

[Event "Katowice POL-HUN 5th"]
[Site "Katowice"]
[Date "2017.05.21"]
[Round "9"]
[White "Alvarado, Carlos"]
[Black "Klepek, Witold"]
[Result "1/2-1/2"]
[WhiteElo "2152"]
[BlackElo "2111"]
[PlyCount "156"]
[EventDate "2017.05.20"]
[EventType "swiss (rapid)"]
[EventRounds "9"]
[EventCountry "POL"]
[SourceTitle "CBM 178 Extra"]
[Source "ChessBase"]
[SourceDate "2017.06.22"]
[SourceVersion "1"]
[SourceVersionDate "2017.06.22"]
[SourceQuality "1"]

1. d4 Nf6 2. Nf3 c5 3. d5 g6 4. g3 Bg7 5. Bg2 b5 6. 0-0 d6 7. c4 Bb7 8. a4 bxc4 9. Nc3 e6 10. e4 0-0 11. dxe6 fxe6 12. e5 Nd5 13. Ne4 dxe5 14. Nxc5 Qe7 15. Nxb7 Qxb7 16. Ng5 Qc6 17. Qg4 Re8 18. Rd1 Nd7 19. Nxe6 N7f6 20. Nxg7 Kxg7 21. Qh4 e4 22. Bh6+ Kf7 23. Bg5 Rad8 24. Rd4 c3 25. bxc3 Qxc3 26. Rad1 e3 27. Bxd5+ Rxd5 28. Rxd5 e2 29. Bxf6 e1R+ 30. Rxe1 Rxe1+ 31. Kg2 Qc6 32. Qd4 Ke6 33. Qg4+ Kxd5 34. f3 Qxf6 35. Qd7+ Kc4 36. Qb5+ Kc3 37. Qa5+ Kb3 38. Qxe1 Qb2+ 39. Kh3 Kxa4 40. Qd1+ Ka5 41. Qd7 Qf2 42. Qxh7 Kb4 43. Qxg6 a5 44. Qe4+ Kb5 45. Qd3+ Kb4 46. Qe4+ Kb5 47. Qb1+ Kc4 48. Qc1+ Kb3 49. Qb1+ Qb2 50. Qd3+ Qc3 51. Qd5+ Kb4 52. g4 a4 53. g5 a3 54. g6 a2 55. Qxa2 Qxf3+ 56. Kh4 Qf4+ 57. Kh5 Qe5+ 58. Kh6 Qh8+ 59. Kg5 Qe5+ 60. Kg4 Qe4+ 61. Kh5 Qe5+ 62. Kh4 Qf4+ 63. Kh5 Qe5+ 64. Kg4 Qe4+ 65. Kh3 Qf3+ 66. Kh4 Qf4+ 67. Kh5 Qe5+ 68. Kg4 Qe4+ 69. Kg3 Qxg6+ 70. Kf2 Qf5+ 71. Kg1 Qg4+ 72. Kf1 Qf4+ 73. Qf2 Qxf2+ 74. Kxf2 Kc5 75. Kg3 Kd6 76. Kg4 Ke7 77. Kg5 Kf8 78. Kh6 Kg8 1/2-1/2

[Event "Katowice POL-HUN 5th"]
[Site "Katowice"]
[Date "2017.05.20"]
[Round "1"]
[White "Palkovics, Balazs"]
[Black "Alvarado, Carlos"]
[Result "0-1"]
[WhiteElo "1676"]
[BlackElo "2152"]
[PlyCount "96"]
[EventDate "2017.05.20"]
[EventType "swiss (rapid)"]
[EventRounds "9"]
[EventCountry "POL"]
[SourceTitle "CBM 178 Extra"]
[Source "ChessBase"]
[SourceDate "2017.06.22"]
[SourceVersion "1"]
[SourceVersionDate "2017.06.22"]
[SourceQuality "1"]

1. e4 c5 2. Nc3 Nc6 3. g3 g6 4. Bg2 Bg7 5. d3 a6 6. Be3 d6 7. Qd2 Rb8 8. Nge2 b5 9. 0-0 e6 10. f4 b4 11. Nd1 Nge7 12. h3 Nd4 13. c3 Nxe2+ 14. Qxe2 h5 15. Kh2 Qc7 16. Qf2 Bd7 17. Rc1 Qa5 18. e5 dxe5 19. Bxc5 Nf5 20. Bxb4 Qxa2 21. Ne3 h4 22. Nxf5 gxf5 23. Qc5 hxg3+ 24. Kxg3 Bf8 25. Qxe5 Rg8+ 26. Kh2 Rb5 27. Qd4 Qxb2 28. Qf2 Qxf2 29. Rxf2 Bxb4 30. cxb4 Rxb4 31. Rfc2 Ke7 32. Rc7 Rb2 33. R1c2 Rxc2 34. Rxc2 Kd6 35. d4 a5 36. h4 Rg4 37. h5 Rh4+ 38. Kg3 Rxh5 39. Bf3 Rh8 40. Rd2 f6 41. Rc2 Rb8 42. Kf2 a4 43. Ke2 Rb4 44. Ke3 Rb3+ 45. Ke2 Bb5+ 46. Kf2 a3 47. Bd1 Bd3 48. Ra2 Rb2+ 0-1

[Event "Katowice POL-HUN 4th"]
[Site "Katowice"]
[Date "2016.05.07"]
[Round "4"]
[White "Alvarado, Carlos"]
[Black "Miton, Kamil"]
[Result "0-1"]
[WhiteElo "2152"]
[BlackElo "2614"]
[PlyCount "60"]
[EventDate "2016.05.07"]
[EventType "swiss (rapid)"]
[EventRounds "9"]
[EventCountry "POL"]
[SourceTitle "CBM 172 Extra"]
[Source "ChessBase"]
[SourceDate "2016.06.21"]
[SourceVersion "1"]
[SourceVersionDate "2016.06.21"]
[SourceQuality "1"]

1. e4 c5 2. Nf3 Nc6 3. Bb5 e6 4. 0-0 Nge7 5. Re1 a6 6. Bf1 d5 7. exd5 Nxd5 8. b3 Be7 9. Bb2 0-0 10. Nc3 Bf6 11. Qc1 Nde7 12. Ne4 Bxb2 13. Qxb2 b6 14. a3 a5 15. Bb5 Bb7 16. Rad1 Nd4 17. Nxd4 cxd4 18. c4 Ng6 19. d3 f5 20. Ng3 Nh4 21. f3 f4 22. Ne4 Nf5 23. Rc1 Ne3 24. c5 Bxe4 25. dxe4 bxc5 26. Rxc5 d3 27. Qd2 Qd4 28. Rc7 Ng4+ 29. Kh1 Nf2+ 30. Kg1 Nxe4+ 0-1

[Event "Warsaw Najdorf Memorial op-B 12th"]
[Site "Warsaw"]
[Date "2014.07.15"]
[Round "2"]
[White "Piotrowski, Arkadiusz"]
[Black "Alvarado, Carlos"]
[Result "1-0"]
[WhiteElo "1984"]
[BlackElo "2188"]
[PlyCount "115"]
[EventDate "2014.07.14"]
[EventType "swiss"]
[EventRounds "9"]
[EventCountry "POL"]
[SourceTitle "EXT 2016"]
[Source "ChessBase"]
[SourceDate "2015.10.08"]
[SourceVersion "1"]
[SourceVersionDate "2015.10.08"]
[SourceQuality "1"]

1. d4 d5 2. Nf3 Nf6 3. c4 e6 4. Bf4 Bb4+ 5. Nc3 0-0 6. e3 Ne4 7. Qc2 c5 8. Bd3 Qa5 9. 0-0 Bxc3 10. bxc3 f5 11. Rac1 Nc6 12. Nd2 cxd4 13. exd4 Qd8 14. Nf3 Na5 15. c5 b6 16. cxb6 axb6 17. h3 Ba6 18. Bxa6 Rxa6 19. Ne5 b5 20. a4 bxa4 21. Qxa4 Qe8 22. Qxe8 Rxe8 23. f3 Nf6 24. Rb1 h6 25. Nd3 Nd7 26. Rfe1 Rc6 27. Nb4 Rb6 28. Ra1 Rb5 29. Ra2 Nb6 30. Na6 Re7 31. Nc7 Rxc7 32. Bxc7 Nbc4 33. Bxa5 Nxa5 34. Rxe6 f4 35. Re1 Nc4 36. Kh2 Ne3 37. Rxe3 fxe3 38. Re2 Kf7 39. Rxe3 Rb2 40. f4 Rc2 41. Kg3 Kf6 42. Kf3 Rc1 43. g4 Rf1+ 44. Kg3 Rg1+ 45. Kf2 Rh1 46. Kg2 Rc1 47. h4 h5 48. gxh5 Kf5 49. Kg3 Rg1+ 50. Kf3 Rf1+ 51. Ke2 Kxf4 52. Re5 Rf3 53. Rf5+ Kxf5 54. Kxf3 Ke6 55. Kf4 Kf6 56. Kg4 Ke6 57. Kg5 Kf7 58. Kf5 1-0

[Event "Warsaw Najdorf Memorial op-A 11th"]
[Site "Warsaw"]
[Date "2013.08.07"]
[Round "3"]
[White "Alvarado, Carlos"]
[Black "Barwinski, Dionizy"]
[Result "1-0"]
[WhiteElo "2203"]
[BlackElo "2141"]
[PlyCount "127"]
[EventDate "2013.08.05"]
[EventType "swiss"]
[EventRounds "9"]
[EventCountry "POL"]
[SourceTitle "CBM 155 Extra"]
[Source "ChessBase"]
[SourceDate "2013.08.26"]
[SourceVersion "1"]
[SourceVersionDate "2013.08.26"]
[SourceQuality "1"]

1. d4 Nf6 2. c4 e6 3. Nc3 Bb4 4. Qc2 d5 5. cxd5 exd5 6. Bg5 0-0 7. e3 c6 8. Bd3 h6 9. Bh4 Re8 10. Nge2 Nbd7 11. h3 Be7 12. Bg3 a6 13. 0-0 Nf8 14. a3 Bd6 15. b4 Nh5 16. Bxd6 Qxd6 17. Na4 g6 18. Nb6 Rb8 19. Qc5 Qd8 20. a4 Ne6 21. Qa5 Qd6 22. Rfc1 Ng5 23. Qc5 Qf6 24. Nxc8 Rbxc8 25. Qb6 Qe7 26. Ra2 Nf6 27. Qc5 Qd7 28. Nf4 Nge4 29. Bxe4 Nxe4 30. Qc2 Kg7 31. Nd3 Nd6 32. Ne5 Qe6 33. Qd3 Rg8 34. Rac2 Kh7 35. h4 h5 36. Qe2 f6 37. Nd3 Qf5 38. Nc5 Kh6 39. Qf3 Qxf3 40. gxf3 Rge8 41. Kh2 Re7 42. Nd3 Nc4 43. Nf4 g5 44. Nd3 Rg8 45. Rg1 Reg7 46. hxg5+ fxg5 47. f4 g4 48. Re2 Nd6 49. Ne5 Ne4 50. Kg2 h4 51. Rh1 h3+ 52. Kf1 Kh5 53. Ke1 Kh4 54. Rc2 Nd6 55. Ke2 Ne4 56. Rcc1 Nxf2 57. Kxf2 g3+ 58. Ke2 h2 59. Rcg1 Kh3 60. Nf3 Rh7 61. Nxh2 Rgh8 62. Nf1+ Kg4 63. Nh2+ Kh3 64. Nf1+ 1-0

[Event "Warsaw Najdorf Memorial op-A 11th"]
[Site "Warsaw"]
[Date "2013.08.06"]
[Round "2"]
[White "Rozycki, Bartlomiej"]
[Black "Alvarado, Carlos"]
[Result "0-1"]
[WhiteElo "2041"]
[BlackElo "2203"]
[PlyCount "88"]
[EventDate "2013.08.05"]
[EventType "swiss"]
[EventRounds "9"]
[EventCountry "POL"]
[SourceTitle "CBM 155 Extra"]
[Source "ChessBase"]
[SourceDate "2013.08.26"]
[SourceVersion "1"]
[SourceVersionDate "2013.08.26"]
[SourceQuality "1"]

1. e4 c5 2. Nf3 Nc6 3. Bb5 Nf6 4. e5 Nd5 5. 0-0 Nc7 6. Bxc6 dxc6 7. d3 Bf5 8. Nh4 e6 9. Nxf5 exf5 10. Nd2 Ne6 11. Nc4 Qc7 12. f4 h5 13. a4 Be7 14. a5 g6 15. Be3 Kf8 16. Qf3 Kg7 17. g3 b5 18. axb6 axb6 19. h3 b5 20. Nd2 Qd7 21. Nb3 Qd5 22. Kf2 Rhc8 23. h4 c4 24. Rxa8 Rxa8 25. Ra1 Rxa1 26. Nxa1 b4 27. dxc4 Qxc4 28. Qe2 Qa2 29. Nb3 Qxb2 30. Qc4 c5 31. Ke2 Qa2 32. Bf2 Qa7 33. Kd2 Qc7 34. Kd3 Qc6 35. Ke2 Kg8 36. Na5 Qg2 37. Nb3 Kg7 38. Qd3 Bxh4 39. Qf3 Qxf3+ 40. Kxf3 Be7 41. Ke2 h4 42. Kd3 h3 43. Bg1 Kh6 44. Ke2 c4 0-1